000 02316nam a2200517 c 4500
003 BLK
005 20250210123226.0
008 180410b bul|||||r ||||||| ||bul||
010 _aKNG00170233000
040 _aBLK
041 _aBUL
_cBUL
080 _aБългарска литература
_b821.163.2
_x(081)
_z821.163.2(081)
080 _aБългарска литература
_b821.163.2
_x-8
_z821.163.2-8
100 _aЕлин Пелин
_qСтоянов, Димитър Иванов
_9363511
700 1 _aСтоянов, Димитър Иванов
_e*
_9365019
700 1 _aКоларов, Радосвет Стефанов
_eподб. и предг.
_9363815
139 _aЕлин Пелин
_bЕ 53
245 1 0 _aСъчинения
_bВ 2 т.
_cЕлин Пелин; * Димитър Иванов Стоянов; подб. и предг. Радосвет Стефанов Коларов.
_nТ. 2
_pРазкази, фейлетони и др.
257 _aBGR
260 София
_bБълг. писател
_c1987
300 _c21 см
380 _aX
500 _aЕлин Пелин псевд. на Димитър Иванов Стоянов.
505 _g
_r
_tСтихотворения в проза
505 _g
_r
_tХуморески
505 _g
_r
_tПроизведения за деца
505 _g
_r
_tСтатии, очерци
505 _g
_r
_tБеседи и изказвания
653 _aразкази
653 _aфейлетони
653 _aстихотворения в проза
653 _aхуморески
653 _aстатии
653 _aочерци
653 _aбеседи
653 _aстихотворения за деца
653 _aпоеми
653 _aприказки
760 1 _aЕлин Пелин
_d1987
_h480 с.
_nСъдържа и За някои характерни преработки на Елин-Пелиновите разкази ; Неостаряващият Елин Пелин / Рашел Барух.
_tТ. 2 Разкази, фейлетони и др.
852 _aЦб 151090
856 4 _qpdf
_u
856 4 _qpdf
_u
942 _cKNG
_n0
_04
944 _aCR
_c26.01.2015
_lЦветелина Шанова
_k30531
944 _aED
_c31.07.2017
_lф /
_kЛюдмила_Стоянова
999 _c162852
_d162852